| 000 | 01079nam2a22002531 4500 | ||
|---|---|---|---|
| 001 | rc\498206 | ||
| 005 | 20250621165705.0 | ||
| 035 | _a(NLR Aleph) 005817358 | ||
| 090 |
_a5444023 _c5444023 |
||
| 100 | _a20030616d1989 |||y0rusy50 ca | ||
| 101 | 0 | _arus | |
| 102 | _aRU | ||
| 105 | _aa ||||||||| | ||
| 200 | 0 |
_a[2] _e(Продолжение) |
|
| 210 |
_d1989 _aБ. м. |
||
| 215 |
_a10 с. _cграф. |
||
| 225 | 1 |
_a... _vР2-89-850 |
|
| 320 | _aБиблиогр.: с. 10 (6 назв.) | ||
| 461 | 0 |
_1001rc\498205 _12001#$aИнтегрируемая трехканальная статическая модель процессов рассеяния двух частиц со спином I$v[2] _1700#1$aРерих$bК.В. _95444018 _aРерих, К.В. _cДубна _d1988- _nОИЯИ _tИнтегрируемая трехканальная статическая модель процессов рассеяния двух частиц со спином I _v[2] |
|
| 801 | 0 |
_aRU _bNLR _gpsbo |
|
| 801 | 1 |
_aRU _bELAR _2rusmarc |
|
| 852 |
_aNLR _j88-6/6096 |
||
| 942 | _cBOOK | ||
| 980 | _aNB | ||